| 000 | 00947nam a22002777a 4500 | ||
|---|---|---|---|
| 001 | 35991 | ||
| 003 | UA-OsUOA | ||
| 005 | 20200504192136.0 | ||
| 007 | ta | ||
| 008 | 20060110b un ||||| |||| 00| 0 ukr d | ||
| 020 | _a966-574-469-0 | ||
| 040 |
_aUA-OsUOA _bukr _cUA-OsUOA _dUA-OsUOA |
||
| 041 | _aukr | ||
| 080 | _a336.74 | ||
| 090 |
_a336.74 _bП90 |
||
| 100 | _aПуховкіна М. Ф. | ||
| 245 |
_aЦентральний банк і грошово-кредитна політика _bНавчально-методичний посібник для самостійного вивчення дисципліни |
||
| 260 |
_aК. _bКНЕУ _c2003 |
||
| 300 | _a180 с. | ||
| 650 | 7 |
_a339.7 Міжнародні фінанси _2UDC |
|
| 700 | _aОстапішин Т. П. | ||
| 700 | _aБілошапка В. С. | ||
| 942 |
_cBK _2udc |
||
| 955 | _a2 | ||
| 999 |
_c322298 _d322298 |
||